000 00812nam a2200253 a 4500
001 BD-DhNSU-30963
003 BD-DhNSU
005 20260421130439.0
008 260419s2002 bg ||||g |||| 000 0|eng|d
040 _aDLC
_cBD-DhNSU
_dBD-DhNSU
041 _aeng
050 0 0 _aKNG19
_b.A2B36 2002
245 0 4 _aThe Bangladesh law chronicles :
_b(a monthly law journal),
_nVol. 7 /
_cedited by Syed Mokaddas Ali.
246 0 _aB.L.C.
_bVolume VIII
260 _aDhaka :
_bBangladesh Law Chronicles,
_c2002.
300 _avp. ;
_c25 cm.
500 _aCit. 7 BLC (AD); 7 BLC etc.
526 0 _aLaw
590 _aSumaiya Kainat Bintey Kohinoor
650 0 _aLaw reports, digests, etc.
_zBangladesh.
650 0 _aLaw reports, digests, etc.
_zIndia
_zBengal.
700 1 _aAli, Syed Mokaddas
_eeditor
942 _2lcc
_cBK
999 _c30963
_d30963